00608 a2200265 4500260001000000630004300010037001200053037001300065650002600078100002100104700002000125260001100145245004300156300001100199650002700210260000900237300001000246100000700256037001200263037001200275037001200287037001200299250001300311020001800324 aParis a34 - Droit. Jurisprudence. Legislation b3, WVSC b1, Achat a3 - SCIENCES SOCIALES aHamelin, Jacques aDamien, André bDalloz aLes Règles de la profession d'avocat a563 p. aAvocat : déontologie c2000 b26 cm lFr aDE 9767 aDE 9768 aDE 9782 aDE 7553 a9e éd. a2-247-03388-1